| 000 | 00428nam a2200145Ia 4500 | ||
|---|---|---|---|
| 008 | 231129s2006||||xx |||||||||||||| ||spa|| | ||
| 020 | _a968-24-7234-2 | ||
| 040 | _bspa | ||
| 082 | _a 155.418 H893j | ||
| 100 | _aHughes Fergus P. | ||
| 245 | 0 | _aEl juego: Su importancia en el desarrollo psicológico del niño y el adolescente | |
| 260 | _c2006 | ||
| 264 | _aTrillas | ||
| 942 |
_2ddc _cBKS |
||
| 999 |
_c11420 _d11420 |
||